000 00810nam a2200277 a 4500
003 BD-RjUL
005 20240212152627.0
008 900919s19601922enk 000 1 eng d
029 1 _aAU@
_b000002283327
029 1 _aAU@
_b000009939441
035 _a(BD-RjUL)
040 _aBAR
_cNZWSL
_dOCLCG
_dAU@
_beng
041 _aeng
082 _a823.9
_bGAF 1960
092 _a828.91 GAL C/f
100 1 _aGalsworthy, John,
_d1867-1933
_910805
245 1 4 _aThe Forsyte saga /
_cby John Galsworthy.
246 3 3 _aMan of the property.
246 3 3 _aIn Chancery.
246 3 3 _aTo let.
260 _aLondon :
_bHeinemann,
_c1960.
300 _axv, 783 p. ;
_c23 cm.
505 0 _aContents: Book 1. The man of the property. - Book 2. In Chancery. - Book 3. To let.
942 _2ddc
_cBK
990 _auniversities
999 _c83067
_d83067